| 000 | 00399nam a2200157Ia 4500 | ||
|---|---|---|---|
| 008 | 230917s9999||||xx |||||||||||||| ||und|| | ||
| 040 |
_e201980 _aMAIN |
||
| 041 | _aEnglish | ||
| 082 | _a572.838 G779F(2) | ||
| 100 | _aGraur, Dan | ||
| 245 | 0 | _aFundamentals of molecular evolution | |
| 250 | _a2nd ed. | ||
| 260 |
_aSunderland _bSinauer Associates _c2000 |
||
| 300 | _axiv, 481 p. | ||
| 942 | _cBK | ||
| 999 |
_c160660 _d160660 |
||